[Event "64. BEM 2010"]
[Site "Dortmund"]
[Date "2010.02.25"]
[Round "3.11"]
[White "Krüger, Inge"]
[Black "Morawietz, Manuel"]
[Result "0-1"]
[WhiteElo "1390"]
[BlackElo "1952"]
[PlyCount "80"]
[EventDate "2010.??.??"]
[Source "SG Dortmund"]
[SourceDate "2004.12.16"]

1. d4 d5 2. c4 c6 3. cxd5 cxd5 4. Nc3 Nc6 5. Nf3 Bf5 6. e3 e6 7. Bd3 Bg6 8. O-O
Nf6 9. Bxg6 hxg6 10. a3 Bd6 11. h3 a6 12. b4 b5 13. Bb2 Rc8 14. Rc1 O-O 15. Ne2
Ne4 16. Ne5 Qe8 17. Nxc6 Rxc6 18. Rxc6 Qxc6 19. Qa1 Nd2 20. Rc1 Nc4 21. g3 Bb8
22. Nf4 Qd6 23. Rc2 g5 24. Nd3 f6 25. Qe1 Rd8 26. Bc1 Kf7 27. f4 Rh8 28. Rh2
gxf4 29. exf4 Ba7 30. Qf2 a5 31. bxa5 Nxa3 32. Nc5 Nc4 33. a6 Bxc5 34. dxc5
Qxa6 35. Kg2 Rc8 36. Kf3 Qc6 37. Qa2 Ra8 38. Qb3 d4+ 39. Kg4 f5+ 40. Kg5 Qxc5
0-1

[Event "64. BEM 2010"]
[Site "Dortmund"]
[Date "2010.02.25"]
[Round "3.12"]
[White "Borjini, Faouzi"]
[Black "Rzoczek, Christoph"]
[Result "1-0"]
[WhiteElo "1919"]
[BlackElo "1468"]
[PlyCount "39"]
[EventDate "2010.??.??"]
[Source "SG Dortmund"]
[SourceDate "2004.12.16"]

1. d4 Nf6 2. c4 c6 3. Nc3 d5 4. Nf3 e6 5. e3 Bd6 6. Bd3 Nbd7 7. O-O O-O 8. e4
dxe4 9. Nxe4 Nxe4 10. Bxe4 h6 11. b3 Qc7 12. Bb2 Nf6 13. Bc2 Bd7 14. Qd3 Rfe8
15. Rfe1 a5 16. c5 Be7 17. Rad1 Qf4 18. Ne5 Qf5 19. Qe2 Qh5 20. Nxd7 1-0

[Event "64. BEM 2010"]
[Site "Dortmund"]
[Date "2010.02.25"]
[Round "3.13"]
[White "Skoecz, Horst"]
[Black "Simon, Thomas"]
[Result "0-1"]
[WhiteElo "1349"]
[BlackElo "1885"]
[PlyCount "88"]
[EventDate "2010.??.??"]
[Source "SG Dortmund"]
[SourceDate "2004.12.16"]

1. e4 c5 2. Bc4 e6 3. Nc3 a6 4. Nf3 b5 5. Be2 Bb7 6. d3 Nc6 7. Be3 d5 8. exd5
exd5 9. d4 c4 10. Ne5 Nf6 11. Bf3 Bb4 12. O-O O-O 13. Ne2 Re8 14. c3 Bd6 15.
Nxc6 Bxc6 16. Bg5 h6 17. Bf4 Qc7 18. Bxd6 Qxd6 19. Ng3 Bd7 20. Qd2 Bg4 21. Rfe1
Bxf3 22. gxf3 Nh7 23. Rxe8+ Rxe8 24. Re1 Re6 25. Kh1 Ng5 26. Rxe6 fxe6 27. Qe3
g6 28. Kg2 a5 29. Qe5 Qxe5 30. dxe5 b4 31. f4 Nf7 32. h4 h5 33. Ne2 Nd8 34. Nd4
Kf7 35. Nb5 Nb7 36. a3 b3 37. Nd6+ Nxd6 38. exd6 d4 39. Kf3 dxc3 40. bxc3 b2
41. Ke3 b1=Q 42. Kd4 Qd1+ 43. Kc5 Qd5+ 44. Kb6 Qxd6+ 0-1

[Event "64. BEM 2010"]
[Site "Dortmund"]
[Date "2010.02.25"]
[Round "3.14"]
[White "Dreier, Daniel"]
[Black "Jentzsch, Werner Wilfried"]
[Result "1-0"]
[WhiteElo "1792"]
[BlackElo "1441"]
[PlyCount "79"]
[EventDate "2010.??.??"]
[Source "SG Dortmund"]
[SourceDate "2004.12.16"]

1. d4 e6 2. c4 d6 3. Nf3 Ne7 4. Nc3 Nd7 5. g3 g6 6. Bg5 Bg7 7. e4 f6 8. Be3 O-O
9. Qd2 Rf7 10. Bg2 b6 11. h4 Bb7 12. Bh6 Bxh6 13. Qxh6 Qf8 14. Qe3 e5 15. d5
Ba6 16. Nb5 Bxb5 17. cxb5 f5 18. Ng5 f4 19. Qc3 fxg3 20. Qxg3 Rf6 21. h5 a6 22.
Nxh7 Kxh7 23. hxg6+ Kg8 24. Rh8+ Kg7 25. Rxf8 Raxf8 26. Qh3 Rxg6 27. Qxd7 Rxg2
28. Qxe7+ Rf7 29. Qxf7+ Kxf7 30. Kf1 Rg8 31. bxa6 Ra8 32. Rc1 Rxa6 33. Rxc7+
Ke8 34. a3 Kd8 35. Rc6 Kd7 36. Ke2 Ra4 37. Ke3 b5 38. f4 exf4+ 39. Kxf4 b4 40.
Rc4 1-0

[Event "64. BEM 2010"]
[Site "Dortmund"]
[Date "2010.02.25"]
[Round "3.15"]
[White "Grube, Jörg"]
[Black "Vogt, Christian"]
[Result "1-0"]
[WhiteElo "1730"]
[BlackElo "1357"]
[PlyCount "103"]
[EventDate "2010.??.??"]
[Source "SG Dortmund"]
[SourceDate "2004.12.16"]

1. e4 e5 2. Nf3 Nf6 3. Nxe5 d6 4. Nf3 Nxe4 5. d4 d5 6. Bd3 Nc6 7. O-O Be7 8. c4
Nb4 9. Be2 O-O 10. Nc3 Bf5 11. Bf4 c5 12. dxc5 dxc4 13. Nxe4 Bxe4 14. Bxc4 Bxc5
15. Ne5 Nd5 16. Bg3 Nf6 17. Qxd8 Raxd8 18. Rad1 Bd5 19. Bxd5 Rxd5 20. Rxd5 Nxd5
21. Nd7 Rc8 22. Nxc5 Rxc5 23. Rd1 Rc8 {(=)} 24. f3 Nb4 25. a3 Na2 26. Rd7 Nc1
27. Rxb7 Nd3 28. Bc7 h6 29. b4 Re8 30. h4 Re1+ 31. Kh2 Ra1 32. Rxa7 Nxb4 33. a4
({Wohl nur zum Remis fuehrt das Qualitaetsopfer} 33. Ra8+ Kh7 34. axb4 Rxa8 35.
b5 Ra7 36. b6 Rb7 {z.B.} 37. h5 Kg8 38. Kg3 Kf8 39. Kf4 Ke7 40. Ke5 Kd7 41. f4
Rxc7 42. bxc7 Kxc7 43. f5 Kd7 44. f6 g6 45. hxg6 fxg6 46. f7 Ke7 47. f8=Q+ Kxf8
48. Kf6 g5 49. Kg6 g4 50. Kxh6 g3 {mit Remis.}) 33... Ra2 34. a5 Nc6 35. Ra8+
Kh7 36. a6 Nd4 37. a7 Nxf3+ 38. Kg3 Ne1 39. Bb6 Rxg2+ 40. Kh3 Ra2 41. Re8 Rxa7
42. Bxa7 Nd3 43. Kg4 f6 44. Bd4 Kg6 45. h5+ Kf7 46. Rb8 Ke6 47. Rb3 Nc1 48.
Re3+ Kf7 49. Bb2 Na2 50. Re4 g6 51. Ra4 f5+ 52. Kf3 1-0

[Event "64. BEM 2010"]
[Site "Dortmund"]
[Date "2010.02.25"]
[Round "3.16"]
[White "Strotmann, Dieter"]
[Black "Ziemek, Gerhard"]
[Result "0-1"]
[WhiteElo "1274"]
[BlackElo "1717"]
[PlyCount "90"]
[EventDate "2010.??.??"]
[Source "SG Dortmund"]
[SourceDate "2004.12.16"]

1. e4 c5 2. Nf3 Nc6 3. Bb5 Nf6 4. Nc3 Qc7 5. d3 g6 6. Bg5 Bg7 7. Qe2 O-O 8.
Bxf6 Bxf6 9. Nd5 Qa5+ 10. c3 Qxb5 11. Nc7 Qa5 12. Nxa8 d6 13. Nd2 Be6 14. O-O
Rxa8 15. f4 Qb6 16. f5 Bd7 17. fxg6 fxg6 18. Rab1 Ne5 19. h3 Qa6 20. Nc4 Nf7
21. Ne3 Ne5 22. Nd5 Rf8 23. Nxf6+ exf6 24. c4 b5 25. b3 Qc8 26. Qe3 a6 27. Rb2
Kg7 28. Qg3 Qe8 29. Rbf2 Qe7 30. Qe3 Nc6 31. Qg3 Nd4 32. h4 f5 33. Qf4 Ne6 34.
Qh2 Nd4 35. Re1 Nc6 36. Ref1 Ne5 37. Qg3 Rf7 38. exf5 Rf6 39. h5 Bc6 40. hxg6
hxg6 41. Rf4 Bd7 42. fxg6 Rxf4 43. Rxf4 Nxg6 44. Re4 Qf6 45. Rf4 Qxf4 0-1

[Event "64. BEM 2010"]
[Site "Dortmund"]
[Date "2010.02.25"]
[Round "3.17"]
[White "Schultz, Bernfried"]
[Black "Marienfeld, Udo"]
[Result "1-0"]
[WhiteElo "1710"]
[BlackElo "1334"]
[PlyCount "52"]
[EventDate "2010.??.??"]
[Source "SG Dortmund"]
[SourceDate "2004.12.16"]

1. e4 e5 2. Nf3 Nc6 3. d4 exd4 4. Nxd4 Bb4+ 5. c3 Bc5 6. Be3 Qf6 7. Be2 Nge7 8.
O-O a6 9. f4 d6 10. b4 Nxd4 11. cxd4 Bb6 12. e5 dxe5 13. fxe5 Qe6 14. Nc3 Nc6
15. Na4 Nxb4 16. Nxb6 cxb6 17. Qa4+ Nc6 18. Bc4 b5 19. Bxe6 bxa4 20. Bxf7+ Kd7
21. e6+ Kd6 22. Bf4+ Ke7 23. d5 Bxe6 24. dxe6 h6 25. Be3 Kf8 26. Bc5+ Ne7 1-0

[Event "64. BEM 2010"]
[Site "Dortmund"]
[Date "2010.02.25"]
[Round "3.18"]
[White "Raskin, Vitali"]
[Black "Hast, Stefan"]
[Result "1-0"]
[WhiteElo "1653"]
[BlackElo "1231"]
[PlyCount "33"]
[EventDate "2010.??.??"]
[Source "SG Dortmund"]
[SourceDate "2004.12.16"]

1. d4 Nf6 2. c4 e6 3. Nc3 Bb4 4. Nf3 Ne4 5. Qc2 Nxc3 6. bxc3 Be7 7. e4 b6 8.
Be2 Bb7 9. O-O O-O 10. e5 d6 11. Rd1 Nd7 12. Bd3 Bxf3 13. gxf3 g6 14. Kh1 f6
15. Bxg6 hxg6 16. Qxg6+ Kh8 17. Rg1 1-0

[Event "64. BEM 2010"]
[Site "Dortmund"]
[Date "2010.02.25"]
[Round "3.19"]
[White "Schoppe, Hans-Werner"]
[Black "Benke, Werner"]
[Result "0-1"]
[WhiteElo "1224"]
[BlackElo "1613"]
[PlyCount "76"]
[EventDate "2010.??.??"]
[Source "SG Dortmund"]
[SourceDate "2004.12.16"]

1. d4 d5 2. e3 Nf6 3. Nf3 e6 4. a3 Be7 5. c4 O-O 6. Bd3 a6 7. Nc3 dxc4 8. Bxc4
b5 9. Bd3 Bb7 10. O-O c5 11. dxc5 Bxc5 12. b4 Be7 13. Bb2 Nbd7 14. Qe2 Qb6 15.
h3 Rac8 16. Rac1 h6 17. Nd2 Qa7 18. Nce4 Qa8 19. Nxf6+ Bxf6 20. Bxf6 Nxf6 21.
e4 Nd7 22. f4 Nf6 23. g4 Qa7+ 24. Kg2 Nh7 25. h4 Rfd8 26. Rxc8 Rxc8 27. Kg3 Rc3
28. Nb1 Rc8 29. g5 hxg5 30. hxg5 Qd4 31. Rd1 e5 32. g6 exf4+ 33. Kxf4 Qf6+ 34.
Ke3 Qxg6 35. Kd2 Qg5+ 36. Ke1 Nf6 37. Nd2 Qg3+ 38. Kf1 Ng4 0-1

[Event "64. BEM 2010"]
[Site "Dortmund"]
[Date "2010.02.25"]
[Round "3.20"]
[White "Fahle, Karl-Wilhelm"]
[Black "Schirmer, Michael"]
[Result "1/2-1/2"]
[WhiteElo "1160"]
[BlackElo "1561"]
[PlyCount "53"]
[EventDate "2010.??.??"]
[Source "SG Dortmund"]
[SourceDate "2004.12.16"]

1. e4 Nf6 2. e5 Nd5 3. c4 Nb6 4. Nc3 d6 5. d4 dxe5 6. dxe5 Qxd1+ 7. Nxd1 Bf5 8.
Ne3 Bg6 9. f4 e6 10. Ne2 Nc6 11. Nc3 O-O-O 12. Be2 Bc5 13. O-O Nd4 14. Kh1 Nc2
15. Nxc2 Bxc2 16. b3 Bb4 17. Bb2 Rd2 18. Bf3 Bd3 19. Rfd1 Rxd1+ 20. Rxd1 Rd8
21. Nb5 a6 22. Nd4 Bg6 23. h3 h5 24. g4 hxg4 25. hxg4 Rh8+ 26. Kg2 Be7 27. f5 {
(=)} 1/2-1/2

[Event "64. BEM 2010"]
[Site "Dortmund"]
[Date "2010.02.25"]
[Round "3.21"]
[White "Gegner, Michael"]
[Black "Schlepütz, Volker"]
[Result "1-0"]
[WhiteElo "1551"]
[BlackElo "1216"]
[PlyCount "33"]
[EventDate "2010.??.??"]
[Source "SG Dortmund"]
[SourceDate "2004.12.16"]

1. d4 Nf6 2. Nc3 g6 3. e4 d6 4. Nf3 Bg7 5. Be3 c6 6. Qd2 O-O 7. h3 b5 8. Bd3
Na6 9. Bh6 Nb4 10. Ne2 Nxd3+ 11. cxd3 Bb7 12. e5 Nd7 13. Ng3 dxe5 14. Nh5 Bxh6
15. Qxh6 gxh5 16. Ng5 Qa5+ 17. Kf1 (17. Kf1 {und Schwarz, der nach} 17... Nf6
18. dxe5 Qd2 19. exf6 Qxd3+ 20. Kg1 exf6 {sogar besser stehen wuerde, gab auf!}
) 1-0

[Event "64. BEM 2010"]
[Site "Dortmund"]
[Date "2010.02.25"]
[Round "3.22"]
[White "Schrimpl, Michael"]
[Black "Schirmer, Florian"]
[Result "1/2-1/2"]
[WhiteElo "1496"]
[BlackElo "1202"]
[PlyCount "127"]
[EventDate "2010.??.??"]
[Source "SG Dortmund"]
[SourceDate "2004.12.16"]

1. c4 e5 2. Nc3 d6 3. Nf3 f5 4. d3 Nf6 5. g3 Be7 6. Bg2 O-O 7. O-O Qe8 8. Bg5
Nbd7 9. Rc1 Qh5 10. Nd5 Nxd5 11. cxd5 Bxg5 12. Rxc7 Bd8 13. Rc1 Nf6 14. Nd2 Bb6
15. e3 Qh6 16. Bf3 Bxe3 17. fxe3 Qxe3+ 18. Kg2 Qxd3 19. Nc4 Qxd1 20. Rcxd1 e4
21. Be2 Rd8 22. Ne3 g6 23. Rc1 Rd7 24. Rc2 b6 25. Bb5 Re7 26. Bc6 Bb7 27. Bxb7
Rxb7 28. Rc6 Rd8 29. Rfc1 Rbd7 30. b4 Nh5 31. R1c2 f4 32. gxf4 Nxf4+ 33. Kg3
Nd3 34. R2c4 Re7 35. a3 Rf8 36. Rc8 Ree8 37. Rxe8 Rxe8 38. Kh4 Ne5 39. Rc1 Nf3+
40. Kg3 Nd2 41. Kf2 Rf8+ 42. Ke2 Nb3 43. Rc4 Rf4 44. Ng2 Rg4 45. Ne3 Rh4 46.
Nf1 b5 47. Rc3 Nd4+ 48. Kd1 Rf4 49. Nd2 Nf5 50. Ke2 e3 51. Nf3 Rc4 52. Rxc4
bxc4 53. b5 c3 54. Kd3 Ne7 55. Kxc3 Nxd5+ 56. Kc4 Nf4 57. a4 e2 58. a5 Ne6 59.
b6 axb6 60. axb6 Nc5 61. Kd5 Nb7 62. Kc6 Na5+ 63. Kb5 Nb7 64. Kc6 {(=)} 1/2-1/2

[Event "64. BEM 2010"]
[Site "Dortmund"]
[Date "2010.02.25"]
[Round "3.23"]
[White "Tekin, Baran"]
[Black "Grawe, Herbert"]
[Result "1-0"]
[WhiteElo "948"]
[BlackElo "1495"]
[PlyCount "135"]
[EventDate "2010.??.??"]
[Source "SG Dortmund"]
[SourceDate "2004.12.16"]

1. d4 Nc6 2. c4 e5 3. d5 Nce7 4. Nc3 Ng6 5. Nf3 a6 6. e4 Bc5 7. Be2 d6 8. O-O
f5 9. a3 f4 10. b4 Ba7 11. Qd3 h6 12. Kh1 Nf6 13. g3 Ng4 14. Kg2 Qd7 15. Nd2
O-O 16. Nb3 Nxf2 17. Rxf2 Qh3+ 18. Kg1 Bxf2+ 19. Kxf2 Qxh2+ (19... fxg3+ $1 20.
Ke1 gxh2) 20. Ke1 fxg3 21. Be3 g2 22. Kd2 Nf4 23. Bg1 Qh4 24. Qe3 Nh3 25. Bf3
Rxf3 (25... Qg3 $1) 26. Qxf3 Nf4 27. Ne2 Bg4 28. Qg3 Qg5 29. Nxf4 Qxf4+ 30.
Qxf4 exf4 31. Kd3 Rf8 32. Ra2 f3 33. Rf2 h5 34. Ke3 h4 35. Nd4 Bh5 36. Nxf3 h3
37. Ng5 Bg4 38. Rxf8+ Kxf8 39. Kf4 Bd7 40. Kg3 Ke7 41. Nxh3 Bxh3 42. Kxh3 Kf6
43. Bd4+ Kg5 44. Kxg2 ({Deutlich genauer war} 44. Kg3) 44... Kf4 45. Bxg7 (45.
e5 $1 dxe5 46. Bb6 $1) 45... Kxe4 46. Kf2 b6 47. Ke2 b5 48. cxb5 axb5 49. Kd2
Kxd5 50. Bc3 Kc4 51. Kc2 d5 52. Be5 c6 53. Bd6 d4 54. Bf4 d3+ 55. Kb2 c5 56.
bxc5 Kxc5 57. Kb3 Kc6 58. Kb4 Kb6 59. Be3+ Ka6 60. Kc3 Ka5 61. Bc5 Ka6 62. Kxd3
Ka5 63. Kd4 Ka6 64. Kd5 Kb7 65. Kd6 Ka6 $4 {Der Koenig laesst sich ohne Not
aus der Ecke draengen. Erst jetzt ist die Partie fuer Schwarz verloren!} 66.
Kc7 Ka5 67. Kb7 Ka4 68. Kb6 1-0

[Event "64. BEM 2010"]
[Site "Dortmund"]
[Date "2010.02.25"]
[Round "3.24"]
[White "Zabel, Reinhard"]
[Black "Militello, Luca"]
[Result "1-0"]
[WhiteElo "1492"]
[BlackElo "1025"]
[PlyCount "75"]
[EventDate "2010.??.??"]
[Source "SG Dortmund"]
[SourceDate "2004.12.16"]

1. e4 e5 2. Nf3 Nc6 3. Bb5 a6 4. Bxc6 dxc6 5. d4 exd4 6. Qxd4 Qxd4 7. Nxd4 Nf6
8. f3 Bc5 9. Nb3 Bb6 10. Bg5 Nd7 11. Nc3 Ne5 12. O-O-O O-O 13. Bf4 Ng6 14. Bg3
Be6 15. Na4 Be3+ 16. Kb1 Bf4 17. Nac5 b6 18. Nxe6 fxe6 19. Nd4 Bxg3 20. hxg3 c5
21. Nxe6 Rf7 22. Ng5 Re7 23. Rd2 h6 24. Nh3 Ne5 25. b3 Kh7 26. Rhd1 c6 27. Nf2
Rc8 28. f4 Nf7 29. e5 g5 30. Rd7 Rc7 31. Rxc7 Rxc7 32. e6 Nh8 33. f5 Rc8 34.
Rd7+ Kg8 35. e7 (35. Ng4 $1 {fuehrte schnell zum Matt, z.B.} 35... h5 36. Nf6+
Kf8 37. e7+ Kg7 38. e8=Q+ {usw.}) 35... Nf7 36. Ne4 Kg7 37. Nd6 Nxd6 38. e8=Q+
1-0

[Event "64. BEM 2010"]
[Site "Dortmund"]
[Date "2010.02.25"]
[Round "3.25"]
[White "Noori, Mir Ahmad"]
[Black "Campana, Rafael"]
[Result "1-0"]
[WhiteElo "1566"]
[BlackElo "1708"]
[PlyCount "54"]
[EventDate "2010.??.??"]
[Source "SG Dortmund"]
[SourceDate "2004.12.16"]

1. d4 Nf6 2. e3 e6 3. Nf3 b6 4. Be2 Bb7 5. Nbd2 Be7 6. a3 O-O 7. O-O d5 8. b4
Nbd7 9. Bb2 Re8 10. c4 dxc4 11. Nxc4 Nf8 12. Rc1 Ng6 13. Nce5 Bd6 14. Nc6 Qc8
15. b5 a6 16. a4 axb5 17. Bxb5 Ba6 18. Qb3 Bxb5 19. axb5 h6 20. Ra1 Qb7 21.
Nce5 Bxe5 22. dxe5 Ne4 23. Qb4 Nc5 24. Bd4 Nd7 25. Rxa8 Rxa8 26. Rc1 Kh7 27.
Qb1 Kg8 {Die restlichen Zuege in detektivischer Manier zu rekonstruieren, dazu
fehlte dem Erfasser die Zeit ...} 1-0

[Event "64. BEM 2010"]
[Site "Dortmund"]
[Date "2010.02.25"]
[Round "3.26"]
[White "Krüger, Georg"]
[Black "Wangrin, Stefan A"]
[Result "1-0"]
[WhiteElo "1679"]
[BlackElo "1076"]
[PlyCount "99"]
[EventDate "2010.??.??"]
[Source "SG Dortmund"]
[SourceDate "2004.12.16"]

1. e4 e5 2. Bc4 Nf6 3. d3 Nc6 4. Nf3 h6 5. O-O Bc5 6. c3 d6 7. Bb3 Bg4 8. h3
Bd7 9. Nbd2 Qe7 10. Re1 Be6 11. Bc2 g5 12. Nh2 h5 13. Nb3 Nd7 14. Nxc5 Nxc5 15.
d4 exd4 16. cxd4 Na6 17. d5 Bxh3 18. dxc6 Bg4 19. f3 b6 20. fxg4 hxg4 21. Qxg4
Rxh2 22. Qd7+ Qxd7 23. cxd7+ Kxd7 24. Kxh2 Rh8+ 25. Kg3 f6 26. Bd2 Ke6 27. Rad1
Nc5 28. b4 Nd7 29. Bb3+ Ke7 30. Bc3 Kf8 31. Rh1 Rxh1 32. Rxh1 Kg7 33. Kg4 Kg6
34. Be6 Nf8 35. Bf5+ Kg7 36. Rh5 c6 37. Rxg5+ Kf7 38. Rh5 c5 39. b5 Ne6 40.
Bxe6+ Kxe6 41. Rf5 c4 42. Rxf6+ Kd7 43. Rf7+ Ke6 44. Rf6+ Kd7 45. Kf5 a6 46.
bxa6 Kc6 47. Rf7 d5 48. a7 d4 49. a8=Q+ Kc5 50. Qd5# 1-0

[Event "64. BEM 2010"]
[Site "Dortmund"]
[Date "2010.02.25"]
[Round "3.27"]
[White "Rutmann, Ulrich"]
[Black "Dörre, Niels"]
[Result "0-1"]
[WhiteElo "1357"]
[BlackElo "1609"]
[PlyCount "88"]
[EventDate "2010.??.??"]
[Source "SG Dortmund"]
[SourceDate "2004.12.16"]

1. e4 c5 2. Nc3 Nc6 3. Nf3 d6 4. g3 g6 5. Bg2 Bg7 6. d3 Nf6 7. O-O a6 8. Re1
O-O 9. Be3 Qc7 10. Qd2 b5 11. Bf4 e5 12. Bh6 Bb7 13. Bxg7 Kxg7 14. Qg5 h6 15.
Qd2 b4 16. Ne2 Rad8 17. c3 d5 18. Qc2 dxe4 19. dxe4 Rd7 20. Red1 Rfd8 21. Rxd7
Rxd7 22. Rd1 Rxd1+ 23. Qxd1 Nxe4 24. Nh4 Nf6 25. f4 e4 26. Bh3 Ne7 27. g4 Nfd5
28. Qc1 bxc3 29. bxc3 a5 30. c4 Nb4 31. g5 hxg5 32. fxg5 Qe5 33. Qd2 e3 34. Qd7
{(=)} 34... Qxg5+ 35. Ng3 Bc6 36. Qg4 Qxg4 37. Bxg4 Nxa2 38. Ne2 g5 39. Ng2 f5
40. Bh5 f4 41. Ne1 Be4 42. Bg4 Kf6 43. Bd7 f3 44. Nxf3 Bxf3 0-1

[Event "64. BEM 2010"]
[Site "Dortmund"]
[Date "2010.02.25"]
[Round "3.28"]
[White "Müller, Michaela"]
[Black "Türtmann, Werner"]
[Result "1/2-1/2"]
[WhiteElo "1042"]
[BlackElo "1579"]
[PlyCount "125"]
[EventDate "2010.??.??"]
[Source "SG Dortmund"]
[SourceDate "2004.12.16"]

1. d4 d5 2. Nf3 Nc6 3. e3 a6 4. Nc3 Nf6 5. Be2 Bf5 6. O-O h6 7. Nh4 Bh7 8. Bd3
e6 9. Bxh7 Nxh7 10. Nf3 Bd6 11. e4 dxe4 12. Nxe4 Nf6 13. Nxd6+ cxd6 14. Re1 Ne7
15. c3 O-O 16. h3 Ned5 17. Be3 Qb6 18. Qc2 Rac8 19. Rac1 Nxe3 20. Rxe3 Nd5 21.
Re2 Nf6 22. Nd2 d5 23. Qb3 Qc6 24. Qc2 b5 25. a3 a5 26. Qd3 Nd7 27. Nf3 Qc4 28.
Qc2 a4 29. Ne5 Nxe5 30. Rxe5 Qc6 31. Qd3 Rce8 32. Rh5 f5 33. Qg3 Rf6 34. Qe5
Qb7 35. Rh4 Qf7 36. Rf4 g5 37. Rf3 f4 38. Rf1 Rf5 39. Qe2 Qd7 40. Qd2 Kf7 41.
g3 Qd6 42. g4 Rf6 43. Re1 Rh8 44. Kg2 h5 45. Rh1 hxg4 46. hxg4 Rxh1 47. Kxh1
Rh6+ 48. Kg2 Rh4 49. Rh3 Rxh3 50. Kxh3 e5 51. dxe5 Qxe5 52. Kg2 Ke6 53. Qd4
Qe4+ 54. Kf1 Qb1+ 55. Kg2 Qe4+ 56. Kf1 Qh1+ 57. Ke2 Qe4+ 58. Kf1 Qb1+ 59. Kg2
Qxb2 60. Qb6+ Kd7 61. Qb7+ Kd6 62. Qb6+ Kd7 63. Qb7+ 1/2-1/2

[Event "64. BEM 2010"]
[Site "Dortmund"]
[Date "2010.02.25"]
[Round "3.29"]
[White "Vojdani, Bahram"]
[Black "Reker, Gerhard"]
[Result "1-0"]
[WhiteElo "1735"]
[BlackElo "772"]
[PlyCount "47"]
[EventDate "2010.??.??"]
[Source "SG Dortmund"]
[SourceDate "2004.12.16"]

1. e4 e5 2. Nf3 Nc6 3. Bc4 Qf6 4. O-O Nd4 5. Nxd4 exd4 6. d3 Bc5 7. Nd2 Ne7 8.
Re1 O-O 9. Nf3 d6 10. h3 Be6 11. Bg5 Qg6 12. Bxe7 Rfe8 13. Bxe6 Qxe6 14. Bh4 b6
15. a3 a5 16. Qd2 Bxa3 17. Rxa3 Qc8 18. Nxd4 c5 19. Nf5 Qc7 20. Qg5 g6 21. Nh6+
Kg7 22. Qf6+ Kxh6 23. Bg5+ Kh5 24. g4# 1-0

[Event "64. BEM 2010"]
[Site "Dortmund"]
[Date "2010.02.25"]
[Round "3.30"]
[White "Duschek, Günter"]
[Black "Riepe, Markus"]
[Result "1-0"]
[WhiteElo "1607"]
[BlackElo "804"]
[PlyCount "95"]
[EventDate "2010.??.??"]
[Source "SG Dortmund"]
[SourceDate "2004.12.16"]

1. d4 Nf6 2. Nf3 e6 3. Bf4 b6 4. e3 Bb7 5. Nbd2 Nc6 6. a3 d5 7. Bb5 a6 8. Ba4
b5 9. Bb3 Bd6 10. Bg3 Bxg3 11. hxg3 O-O 12. c3 Ne4 13. Qc2 f5 14. Qd1 a5 15.
Rh3 b4 16. c4 Ba6 17. Ba4 Qd6 18. c5 Qd7 19. Bxc6 ({Nichts bringt} 19. Ne5 Nxe5
20. Bxd7 Nd3+) ({In Vorteil kommt Weiss nach} 19. Nxe4 $1 fxe4 20. Ne5 Nxe5 21.
Bxd7 Nd3+ 22. Qxd3 $1 exd3 23. Bxe6+ Kh8 24. Bxd5 d2+ 25. Kd1 Rxf2 26. Bxa8 {
usw.}) 19... Qxc6 20. a4 Rf6 21. Ne5 Qe8 22. c6 g5 23. Nd7 Rf7 24. Rh6 Qe7 25.
Ne5 Rf6 26. Qh5 Rxh6 27. Qxh6 Qf6 28. Qh5 f4 $2 29. Nxe4 Qf5 $4 30. Qxg5+ ({
Zielstrebiger war} 30. g4 $1 Qxe4 31. Qxg5+ Kf8 32. Qf6+ Kg8 33. Qxe6+ Kg7 34.
Qf7+ Kh8 35. Qf6+ Kg8 36. Nf7) 30... Qxg5 31. Nxg5 fxe3 32. fxe3 Rf8 33. Nef3
Rf6 34. Kd2 h6 35. Nh3 Kg7 36. Nf4 Bc4 37. Nh5+ Kg6 38. Nxf6 Kxf6 39. Ne5 Ba6
40. b3 Kg5 41. Rh1 h5 42. Nd3 Kg4 43. Nc5 Bc8 44. Nb7 Kg5 45. Nxa5 Ba6 46. Nb7
Kg4 47. Nc5 Bc8 48. a5 1-0

[Event "64. BEM 2010"]
[Site "Dortmund"]
[Date "2010.02.25"]
[Round "3.31"]
[White "Böckmann, Lieselotte"]
[Black "Gitschel, Peter"]
[Result "0-1"]
[WhiteElo "922"]
[BlackElo "1520"]
[PlyCount "84"]
[EventDate "2010.??.??"]
[Source "SG Dortmund"]
[SourceDate "2004.12.16"]

1. d4 Nf6 2. c4 g6 3. Nc3 Bg7 4. e3 d6 5. h3 Nbd7 6. Nf3 c5 7. Be2 cxd4 8. exd4
O-O 9. O-O Ne8 10. Qc2 f5 11. Be3 e5 12. Ng5 Nc7 13. Qb3 Nc5 14. dxc5 f4 15.
Nge4 fxe3 16. fxe3 dxc5 17. Rad1 Qe7 18. Nd5 Nxd5 19. cxd5 Qh4 20. d6+ Kh8 21.
Rxf8+ Bxf8 22. Nf6 $4 Qxf6 23. Rf1 Qxd6 24. Qf7 Be6 25. Qxb7 Bd5 26. Qb5 Bh6
27. Rf3 Bxf3 28. Bxf3 Bxe3+ 29. Kf1 Rf8 30. Qe2 Bd4 31. Qd3 Qd5 32. Ke2 Qxa2
33. Qd2 Qxb2 34. Qxb2 Bxb2 35. Bd5 Bd4 36. Kd3 a5 37. Kc2 Rb8 38. Kd3 a4 39. g4
a3 40. Ba2 Rb2 41. Bc4 a2 42. Bxa2 Rxa2 0-1

[Event "64. BEM 2010"]
[Site "Dortmund"]
[Date "2010.02.25"]
[Round "3.32"]
[White "Wilkins, Petra"]
[Black "Schaefer, Ulrich"]
[Result "0-1"]
[WhiteElo "783"]
[BlackElo "1231"]
[PlyCount "70"]
[EventDate "2010.??.??"]
[Source "SG Dortmund"]
[SourceDate "2004.12.16"]

1. e4 e5 2. Nf3 Nc6 3. Nc3 Nf6 4. Be2 d5 5. exd5 Nxd5 6. Nxd5 Qxd5 7. O-O Bd6
8. b3 e4 9. Bc4 Qh5 10. h3 exf3 11. Qxf3 Qxf3 12. gxf3 Bxh3 13. Re1+ Be7 14.
Bb2 f6 15. Re4 O-O-O 16. d3 Bf5 17. Be6+ Bxe6 18. Rxe6 Rhe8 19. Re4 Rd5 20. Rg4
g5 21. Kg2 Bc5 22. Re4 Rxe4 23. dxe4 Rd2 24. Rf1 Be7 25. Rc1 Nb4 26. Ba3 Kd7
27. Kg3 Nxa2 28. Ra1 Rxc2 29. Rd1+ Bd6+ 30. Bxd6 cxd6 31. Kg4 Rxf2 32. Ra1 a6
33. Kf5 Rxf3+ 34. Kg4 Rf4+ 35. Kh5 Rh4# 0-1

[Event "64. BEM 2010"]
[Site "Dortmund"]
[Date "2010.03.01"]
[Round "4.1"]
[White "Heinzel, Olaf"]
[Black "Brockmann, Michael"]
[Result "1/2-1/2"]
[WhiteElo "2304"]
[BlackElo "2063"]
[PlyCount "81"]
[EventDate "2010.??.??"]
[Source "SG Dortmund"]
[SourceDate "2004.12.16"]

1. d4 d5 2. Bf4 Nf6 3. Nf3 c5 4. e3 Bg4 5. c3 e6 6. Qb3 Qb6 7. Bxb8 Rxb8 8.
Bb5+ Kd8 9. Be2 Bd6 10. Nbd2 Ke7 11. O-O Rhd8 12. h3 Bxf3 13. Bxf3 Rd7 14. Rae1
Qxb3 15. axb3 cxd4 16. exd4 Bf4 17. Nb1 a5 18. g3 Bc7 19. Bd1 b5 20. Bc2 b4 21.
Nd2 Bb6 22. Re2 Rc8 23. Nb1 Rdc7 24. Bd3 g6 25. f4 h5 26. Kg2 Kf8 27. Rd1 Ne8
28. g4 hxg4 29. hxg4 Nd6 30. f5 gxf5 31. gxf5 Nxf5 32. Bxf5 exf5 33. Re5 Re8
34. Rxf5 Re2+ 35. Rf2 Rce7 36. Rd2 Re1 37. Rf1 R7e2+ 38. Rxe2 Rxe2+ 39. Rf2 Re1
40. Rf1 Re2+ 41. Rf2 1/2-1/2

[Event "64. BEM 2010"]
[Site "Dortmund"]
[Date "2010.03.01"]
[Round "4.2"]
[White "Zachos, Ingo"]
[Black "Schiefelbusch, Dirk"]
[Result "1/2-1/2"]
[WhiteElo "2024"]
[BlackElo "2125"]
[PlyCount "35"]
[EventDate "2010.??.??"]
[Source "SG Dortmund"]
[SourceDate "2004.12.16"]

1. a4 c5 2. e3 d5 3. Nf3 Nf6 4. Bb5+ Nbd7 5. Ne5 e6 6. f4 Bd6 7. b3 O-O 8. Bb2
a6 9. Nxd7 Nxd7 10. Bd3 f5 11. O-O Nf6 12. Be2 Bd7 13. Bf3 Rc8 14. d3 b5 15.
axb5 axb5 16. Nd2 Qb6 17. Qe2 Bc6 18. Kh1 1/2-1/2

[Event "64. BEM 2010"]
[Site "Dortmund"]
[Date "2010.03.01"]
[Round "4.3"]
[White "Lindam, Ingo"]
[Black "Schütte, Tobias"]
[Result "1-0"]
[WhiteElo "2076"]
[BlackElo "1980"]
[PlyCount "67"]
[EventDate "2010.??.??"]
[Source "SG Dortmund"]
[SourceDate "2004.12.16"]

1. d4 Nf6 2. Bg5 e6 3. Nf3 c5 4. e3 h6 5. Bf4 d5 6. Nbd2 Nc6 7. c3 Bd7 8. h3
Qb6 9. Rb1 cxd4 10. exd4 Be7 11. Bd3 a5 12. Ne5 Nxe5 13. dxe5 Ng8 14. O-O g5
15. Be3 Bc5 16. Bxc5 Qxc5 17. Nb3 Qc7 18. f4 O-O-O 19. Qe2 f5 20. exf6 $6 (20.
Qe3 $5) 20... gxf4 21. f7 Ne7 22. c4 Kb8 23. Rbc1 Qd6 24. Qf2 e5 25. Rfd1 d4
26. Nxa5 Nc6 27. c5 Qf6 28. Nc4 Qxf7 29. b4 Qg7 $6 (29... Rhg8 $5) 30. b5 Ne7
31. Qf3 Bxb5 32. Rb1 Bc6 33. Be4 Rc8 (33... Nd5 34. Nd6 Qg8 35. Nxb7 Bxb7 36.
c6 $18) 34. Na5 1-0